Minecraft Mobs by Fun Description #1 - Statistics

General Stats
  • This quiz has been taken 32 times
  • The average score is 4 of 10
Answer Stats
Description Mob % Correct
I like to make my exit very long and dramatic Ender Dragon
85%
Same here, I like to make my entrance and exit madly dramatic Wither
85%
Do you want to see a magic trick? I can blow your mind! Creeper
52%
All my children have dried up, and I'm still grieving. Leave me alone Ghast
52%
For some reason, I am scared although I don't have fall damage Chicken
44%
No, but I have a fun game idea! Let's play Marco Polo! Warden
37%
I have a similar game idea; how about Night at the Museum? Creaking
22%
I can give you food in three different forms! Don't try the third way... Mooshroom Cow
15%
I have two different ethnicities, and I have a lot on my chest! Mule
7%
Everything about me is straightforward, and nothing is fishy Silverfish
4%
No matching quizzes found
Score Distribution
Percent of People with Each Score
Percentile by Number Answered
Your Score History
You have not taken this quiz